FIT for purpose (Record no. 82868)

MARC details
000 -LEADER
fixed length control field 00827cab a22001935a 4500
001 - CONTROL NUMBER
control field L151926
008 - FIXED-LENGTH DATA ELEMENTS--GENERAL INFORMATION
fixed length control field 110111e20101211xxk 000 0 eng d
035 ## - SYSTEM CONTROL NUMBER
System control number (Sirsi) u151926
041 0# - LANGUAGE CODE
Language code of text/sound track or separate title eng
100 1# - MAIN ENTRY--PERSONAL NAME
Personal name Highmore, Sue
245 00 - TITLE STATEMENT
Title FIT for purpose
260 ## - PUBLICATION, DISTRIBUTION, ETC.
Date of publication, distribution, etc. 2010
490 ## - SERIES STATEMENT
Series statement Estates Gazette
Volume/sequential designation (1049) 11 December 2010, 72-73(2)
520 ## - SUMMARY, ETC.
Summary, etc. Feed-in tariff scheme (FITS) details. From 1 April 2010 this enables electricity suppliers to pay small-scale generators for the electricity they produce from renewable sources. These payments are available to any party including a landlord, a local authority or a private homeowner. With details of qualifying for FITS payments and practical and legal considerations.
590 ## - LOCAL NOTE (RLIN)
Local note KA
651 #4 - SUBJECT ADDED ENTRY--GEOGRAPHIC NAME
Geographic name United Kingdom
Chronological subdivision
690 ## - LOCAL SUBJECT ADDED ENTRY--TOPICAL TERM (OCLC, RLIN)
Topical term or geographic name as entry element RENEWABLE ENERGY PROJECTS
942 ## - ADDED ENTRY ELEMENTS (KOHA)
Suppress in OPAC 0
Holdings
Withdrawn status Lost status Source of classification or shelving scheme Damaged status Not for loan Home library Current library Shelving location Date acquired Total Checkouts Full call number Barcode Date last seen Copy number Price effective from Koha item type
    Dewey Decimal Classification     London London Journal article 11/01/2011   L151926 151926-1001 06/08/2019 1 06/08/2019 Journal article